Modern Islām in India : (Record no. 24459)
[ view plain ]
| 000 -LEADER | |
|---|---|
| fixed length control field | 00942nam a2200277 a 4500 |
| 001 - CONTROL NUMBER | |
| control field | 24459 |
| 003 - CONTROL NUMBER IDENTIFIER | |
| rucl marc code | BD-RjUL |
| 005 - DATE AND TIME OF LATEST TRANSACTION | |
| control field | 20211209001044.0 |
| 008 - FIXED-LENGTH DATA ELEMENTS--GENERAL INFORMATION | |
| fixed length control field | 181007s1946 enkb b 001 0 eng d |
| 035 ## - SYSTEM CONTROL NUMBER | |
| System control number | (BD-RjUL)24526 |
| 040 ## - CATALOGING SOURCE | |
| Original cataloging agency | BD-RjUL |
| Language of cataloging | eng |
| Transcribing agency | BD-RjUL |
| Modifying agency | BD-RjUL |
| 041 ## - LANGUAGE CODE | |
| Language code of text/sound track or separate title | eng |
| 082 ## - DEWEY DECIMAL CLASSIFICATION NUMBER | |
| Edition number | 23 |
| Classification number | 297.0954 |
| Author mark and year | SMM 1946 |
| 100 1# - MAIN ENTRY--PERSONAL NAME | |
| Personal name | Smith, Wilfred Cantwell, |
| Dates associated with a name | 1916-2000. |
| 9 (RLIN) | 223308 |
| 245 10 - TITLE STATEMENT | |
| Title | Modern Islām in India : |
| Remainder of title | a social analysis / |
| Statement of responsibility, etc. | by Wilfred Cantwell Smith. |
| 250 ## - EDITION STATEMENT | |
| Edition statement | Revised ed. |
| 260 ## - PUBLICATION, DISTRIBUTION, ETC. (IMPRINT) | |
| Place of publication, distribution, etc. | London : |
| Name of publisher, distributor, etc. | Victor Gollancz, |
| Date of publication, distribution, etc. | 1946. |
| 300 ## - PHYSICAL DESCRIPTION | |
| Pagination | 344 p. : |
| Illustrations | map ; |
| Size | 19 cm. |
| 504 ## - BIBLIOGRAPHY, ETC. NOTE | |
| Bibliography, etc | Includes bibliographical references and index. |
| 650 #0 - SUBJECT ADDED ENTRY--TOPICAL TERM | |
| Topical term or geographic name as entry element | Islam |
| Geographic subdivision | India. |
| 9 (RLIN) | 223309 |
| Topical term or geographic name as entry element | Muslims |
| Geographic subdivision | India |
| General subdivision | Intellectual life. |
| 9 (RLIN) | 223310 |
| Topical term or geographic name as entry element | Nationalism |
| General subdivision | Religious aspects |
| Geographic subdivision | India. |
| 9 (RLIN) | 223311 |
| Topical term or geographic name as entry element | Nationalism |
| General subdivision | Religious aspects |
| -- | Islam. |
| 9 (RLIN) | 223312 |
| 651 #0 - SUBJECT ADDED ENTRY--GEOGRAPHIC NAME | |
| Geographic name | India |
| General subdivision | Intellectual life. |
| 9 (RLIN) | 223313 |
| 942 ## - ADDED ENTRY ELEMENTS (KOHA) | |
| Source of classification or shelving scheme | Dewey Decimal Classification |
| Koha item type | Rare Books |
| Lost status | Source of classification or shelving scheme | Damaged status | Not for loan | Collection code | Permanent Location | Current Location | Shelving location | Date acquired | Total Checkouts | Full call number | Date last seen | Copy number | Koha item type |
|---|---|---|---|---|---|---|---|---|---|---|---|---|---|
| Dewey Decimal Classification | Not For Loan | Rare Books | Central Library, University of Rajshahi | Central Library, University of Rajshahi | Rare Book Section | 07/10/2018 | RA 297.0954 SMM 1946 | 07/10/2018 | C-1 | Rare Books |